<?xml version="1.0" encoding="UTF-8"?><?xml-stylesheet type="text/xsl" href="static/style.xsl"?><OAI-PMH xmlns="http://www.openarchives.org/OAI/2.0/" xmlns:xsi="http://www.w3.org/2001/XMLSchema-instance" xsi:schemaLocation="http://www.openarchives.org/OAI/2.0/ http://www.openarchives.org/OAI/2.0/OAI-PMH.xsd"><responseDate>2026-06-07T06:24:23Z</responseDate><request verb="GetRecord" identifier="oai:riuma.uma.es:10630/30741" metadataPrefix="marc">https://riuma.uma.es/rest/oai/request</request><GetRecord><record><header><identifier>oai:riuma.uma.es:10630/30741</identifier><datestamp>2026-02-03T11:55:14Z</datestamp><setSpec>com_10630_2254</setSpec><setSpec>col_10630_37959</setSpec></header><metadata><record xmlns="http://www.loc.gov/MARC21/slim" xmlns:dcterms="http://purl.org/dc/terms/" xmlns:doc="http://www.lyncode.com/xoai" xmlns:xsi="http://www.w3.org/2001/XMLSchema-instance" xsi:schemaLocation="http://www.loc.gov/MARC21/slim http://www.loc.gov/standards/marcxml/schema/MARC21slim.xsd">
   <leader>00925njm 22002777a 4500</leader>
   <datafield ind2=" " ind1=" " tag="042">
      <subfield code="a">dc</subfield>
   </datafield>
   <datafield ind2=" " ind1=" " tag="720">
      <subfield code="a">Fernández-Martín, Eugenia</subfield>
      <subfield code="e">author</subfield>
   </datafield>
   <datafield ind2=" " ind1=" " tag="260">
      <subfield code="c">2024</subfield>
   </datafield>
   <datafield ind2=" " ind1=" " tag="520">
      <subfield code="a">Estudio presentado al CONGRESO INTERNACIONAL DE ORIENTACIÓN A LO LARGO DE LA VIDA, celebrado en la Universidad del País Vasco, Donostia-San Sebastián, Gipuzkoa. (ESPAÑA), adscrito al Proyecto de investigación I+D+i del Programa Investigación, Desarrollo e Innovación, con el título de “La Transición a la Educación Secundaria Obligatoria. Impacto y consecuencias pedagógicas (TESO.ICP)”, financiado por el Ministerio de Ciencia e Investigación (Proyecto I+D+i TESO.ICP Ref. PID2019-109994RA-I00), con el objetivo principal de analizar y comprender la perspectiva de profesionales de la orientación en su formación inicial, respecto a los procesos de transición de primaria a secundaria de su futuro alumnado. La metodología usada fue de corte mixto. Los instrumentos de recogida de información fueron cuestionario tipo Likert, grupo de discusión y análisis de documentos. Algunos de los resultados más significativos muestran la importancia de la formación inicial de los profesionales de la orientación  para llevar al éxito o al fracaso del alumnado, así como los factores que facilitan y dificultan el proceso de transición, como se detallará a lo largo del escrito.</subfield>
   </datafield>
   <datafield ind1="8" ind2=" " tag="024">
      <subfield code="a">https://hdl.handle.net/10630/30741</subfield>
   </datafield>
   <datafield tag="653" ind2=" " ind1=" ">
      <subfield code="a">Orientación pedagógica</subfield>
   </datafield>
   <datafield tag="653" ind2=" " ind1=" ">
      <subfield code="a">Educadores - Formación profesional</subfield>
   </datafield>
   <datafield ind2="0" ind1="0" tag="245">
      <subfield code="a">Presentación de análisis de las percepciones de profesionales de la orientación en su formación inicial sobre los procesos de transición en niveles educativos de primaria a secundaria.</subfield>
   </datafield>
</record>
</metadata></record></GetRecord></OAI-PMH>